| 000 | 00540nam a2200193Ia 4500 | ||
|---|---|---|---|
| 003 | OSt | ||
| 005 | 20170518094053.0 | ||
| 008 | 151021s9999 xx 000 0 und d | ||
| 020 | _a803604963 | ||
| 040 |
_ammu _bEng _cmmu _dmmu |
||
| 050 | _aRT 82 .C33 1999 | ||
| 100 |
_aCatalano,Joseph T. _9499 |
||
| 245 |
_a_Nursing now today's issues, tomorrow's trends[2nd ed]/ _cjoseph Catalano |
||
| 260 |
_aUSA: _b F.A Davis Company, _c1999 |
||
| 300 | _axii,524p | ||
| 500 | _aIncludes index | ||
| 650 | _a_Nursing | ||
| 942 |
_2lcc _cLOAN LOAN |
||
| 999 |
_c7669 _d7669 |
||